Coffee in 10 different languages - Statistics

General Stats
  • This quiz has been taken 16 times
  • The average score is 6 of 10
Answer Stats
Hint Answer % Correct
french café
93%
Spanish café
93%
portuguese café
93%
italian caffè
93%
english coffee
93%
swedish kaffe
93%
polish kawa
40%
turkish Kahve
7%
romanian cafea
0%
finnish kahvia
0%
No matching quizzes found
Score Distribution
Percent of People with Each Score
Percentile by Number Answered
Your Score History
You have not taken this quiz